000 00564nam a2200181Ia 4500
005 20250423095807.0
008 250422s9999 xx 000 0 und d
020 _a9789785309591
050 _aGR 350 .A48/
100 _aAkporobaro, F. B. O.
245 0 _aIntroduction to African oral literature
260 _aLagos
260 _bPrinceton
260 _c2012
300 _a567 p
650 _aFolk literature, African--History and criticism. Folk literature, Nigerian--History and criticism. Oral tradition--Africa. Oral tradition--Nigeria.
942 _cBK
999 _c31351
_d31351